Boundary element formulations for thick plates / (Record no. 64626)

000 -LEADER
fixed length control field 01069cam a22003014a 4500
001 - CONTROL NUMBER
control field 149058
003 - CONTROL NUMBER IDENTIFIER
control field NUST - PNEC
005 - DATE AND TIME OF LATEST TRANSACTION
control field 20170116180851.0
008 - FIXED-LENGTH DATA ELEMENTS--GENERAL INFORMATION
fixed length control field 980320s2000 enka b 000 0 eng
010 ## - LIBRARY OF CONGRESS CONTROL NUMBER
LC control number 98085023
020 ## - INTERNATIONAL STANDARD BOOK NUMBER
International Standard Book Number 1853126284
040 ## - CATALOGING SOURCE
Original cataloging agency DLC
Transcribing agency LIBRARY
Modifying agency DLC
042 ## - AUTHENTICATION CODE
Authentication code pcc
050 00 - LIBRARY OF CONGRESS CALL NUMBER
Classification number TA660.P6
Item number R367 2000
082 00 - DEWEY DECIMAL CLASSIFICATION NUMBER
Classification number 624.17765 RAS
100 1# - MAIN ENTRY--PERSONAL NAME
Personal name Rashed, Youssef F.
245 10 - TITLE STATEMENT
Title Boundary element formulations for thick plates /
Statement of responsibility, etc. Youssef F. Rashed.
260 ## - PUBLICATION, DISTRIBUTION, ETC.
Place of publication, distribution, etc. Southampton ;
-- Boston :
Name of publisher, distributor, etc. WIT Press,
Date of publication, distribution, etc. c2000.
300 ## - PHYSICAL DESCRIPTION
Extent 164 p. :
Other physical details ill. ;
Dimensions 25 cm.
440 #0 - SERIES STATEMENT/ADDED ENTRY--TITLE
Title Topics in engineering,
International Standard Serial Number 0952-5300 ;
Volume/sequential designation v. 35
504 ## - BIBLIOGRAPHY, ETC. NOTE
Bibliography, etc. note Includes bibliographical references (p. [143]-153).
650 #0 - SUBJECT ADDED ENTRY--TOPICAL TERM
Topical term or geographic name entry element Plates (Engineering)
General subdivision Mathematical models.
-- ME
650 #0 - SUBJECT ADDED ENTRY--TOPICAL TERM
Topical term or geographic name entry element Elastic plates and shells
General subdivision Mathematical models.
650 #0 - SUBJECT ADDED ENTRY--TOPICAL TERM
Topical term or geographic name entry element Boundary element methods.
906 ## - LOCAL DATA ELEMENT F, LDF (RLIN)
a 7
b cbc
c orignew
d 2
e opcn
f 19
g y-gencatlg
942 ## - ADDED ENTRY ELEMENTS (KOHA)
Source of classification or shelving scheme
Koha item type Book
Holdings
Withdrawn status Lost status Source of classification or shelving scheme Damaged status Not for loan Permanent Location Current Location Shelving location Date acquired Total Checkouts Full call number Barcode Date last seen Price effective from Koha item type
          Pakistan Navy Engineering College (PNEC) Pakistan Navy Engineering College (PNEC)       624.17765 RAS PNECLIB-023599 08/25/2015   Book
© 2023 Central Library, National University of Sciences and Technology. All Rights Reserved.